| 000 | 01252cam a22003617a 4500 | ||
|---|---|---|---|
| 003 | CHAP | ||
| 005 | 20220329142958.0 | ||
| 008 | 050526d2000 ar r 00110 spa d | ||
| 010 | _a90339 | ||
| 011 | _a91311 | ||
| 020 | _a9509467650 | ||
| 035 | _a101869 | ||
| 040 | _cCHAP | ||
| 082 | 0 | 4 |
_a371.1 _bD3 |
| 100 | 0 | 0 |
_aDavini, María Cristina. _931240 |
| 245 | 1 | 0 |
_aLos maestros del siglo XXI _c/por María Cristina Davini y Andrea Alliaud |
| 260 |
_aBuenos Aires, Argentina : _bMiño y Dávila, _c(s.a). |
||
| 300 | _av. | ||
| 490 | 0 | _aSerie : investigaciones sobre formación docente | |
| 500 | _aLa biblioteca tiene : v.1 Un estudio sobre el perfil de los estudiantes de magisterio | ||
| 590 |
_aBATCH-UPD _b10 _c20130110 _lUCH01 _h0550 |
||
| 590 |
_aBATCH-UPD _b10 _c20130410 _lUCH01 _h0232 |
||
| 590 |
_aBATCH-UPD _b10 _c20130914 _lUCH01 _h0236 |
||
| 590 |
_aCONVERSION _b10 _c20130109 _lUCH01 _h1350 |
||
| 650 | 1 | 4 |
_aEstudiantes. _938489 |
| 650 | 1 | 4 |
_aMaestros _xFormación de. _969756 |
| 700 | 0 |
_aAlliaud, Andrea. _94431 |
|
| 830 | 0 | 0 |
_aSerie : investigaciones sobre formación docente _9104570 |
| 901 | _aBK | ||
| 905 | _aLilia | ||
| 942 | _cLIBRO | ||
| 949 |
_a371.1 D3 _bBC _cLIBRO _d33724000950341 _eLIBRO _gI.c/e _h105845 _i101869 _sb _t$172.00 |
||
| 999 |
_c90339 _d90339 |
||